000 01957cam a22004454i 4500
003 PE-LiUPU
005 20250731173545.0
008 150616s r 000 0 d
035 _a(Sirsi) a9254
040 _aPE-LiUPU
_bspa
_cPE-LiUPU
_erda
049 _aPRUA
082 0 4 _a282.092
_bH963s
_223
100 1 _aHuerga, Alvaro.
_eautor.
_95471
245 1 0 _aSavonarola reformador y profeta /
_cAlvaro Huerga.
264 1 _aMadrid :
_bBiblioteca de Autores Cristianos,
_c1978.
300 _a261 páginas ;
_c20 centímetros
336 _atext
_2rdacontent
337 _aunmediated
_2rdamedia
338 _avolume
_2rdacarrier
505 0 _aDe infante a mozo -- Años de Paz y libertad -- La reforma doméstica -- La reforma política -- La reforma eclesial -- Es conflicto con Roma -- Carta abierta aun amigo anónimo -- El retorno del profeta al púlpito -- La reforma clesial -- En conflicto con Roma -- Carta abierta aun amigo anónimo -- El retorno del profeta al púlpito -- La excomunión -- La reacción -- Disputa sobre la fé -- Cartas cerradas al papa -- Los últimos lances -- Los procesos -- Murte a horca y fuefo -- La pervivencia.
526 _aSEG42
526 _aSEG41
526 _aSEG40
526 _aSEG39
526 _aP94
526 _aP87
526 _aP86
526 _aP85
526 _aP77
526 _aP76
526 _aP35
600 1 4 _aSavonarola, Girolamo María Francesco Matteo,
_d1452-1498
_93060
910 _ajck
942 _2ddc
_cBK
949 _wDEWEY
_c1
_i20906
_lCCODEBUL1
_mBUL
_p00.00
_r0
_sY
_tBOOK
_u2015-04-23
_xBIBLIOTECA
_zUNKNOWN
_0COMPRA
_o.STAFF. Colección General
949 _a922 H87
_wDEWEY
_c2
_i25287
_lCCODEBUL1
_mBUL
_p00.00
_r0
_sY
_tBOOK
_u2015-04-23
_xBIBLIOTECA
_zUNKNOWN
_0COMPRA
_o.STAFF. Colección General
980 _81
_gALBERTO SANCHEZ Responsable de Automatización
999 _c60686
_d60686